Las novelas de lo grotesco / (Record no. 23795)

MARC details
000 -LEADER
campo de control de longitud fija 00627nam a2200193 i 4500
001 - NÚMERO DE CONTROL
campo de control 23795
003 - IDENTIFICADOR DE NÚMERO DE CONTROL
campo de control ES-MaACL
005 - FECHA Y HORA DE LA ÚLTIMA TRANSACCIÓN
campo de control 20230906152933.0
007 - CAMPO FIJO DE DESCRIPCIÓN FÍSICA--INFORMACIÓN GENERAL
campo de control de longitud fija t|
008 - DATOS DE LONGITUD FIJA--INFORMACIÓN GENERAL
campo de control de longitud fija 021212s1942 ag ||||1| spa d
100 1# - ENTRADA PRINCIPAL--NOMBRE DE PERSONA
Nombre de persona Anderson, Sherwood.
9 (RLIN) 21470
245 14 - MENCIÓN DEL TÍTULO
Título Las novelas de lo grotesco /
Mención de responsabilidad, etc. Sherwood Anderson ; prólogo de Max Dickmann ; traducción de Armando Ros.
260 ## - PUBLICACIÓN, DISTRIBUCIÓN, ETC.
Lugar de publicación, distribución, etc. Buenos Aires :
Nombre del editor, distribuidor, etc. Santiago Rueda,
Fecha de publicación, distribución, etc. [1942] (
Fabricante B.U. Chiesino)
300 ## - DESCRIPCIÓN FÍSICA
Extensión 303 p. ;
Dimensiones 20 cm.
700 1# - ENTRADA AGREGADA--NOMBRE PERSONAL
Nombre de persona Dickmann, Max.
9 (RLIN) 44497
700 1# - ENTRADA AGREGADA--NOMBRE PERSONAL
Nombre de persona Ros, Armando.
9 (RLIN) 99567
852 ## - LOCALIZACIÓN
Ubicación ES-MaACL
Número de control de estantería D-6992
Sublocalización o colección R.29614
852 ## - LOCALIZACIÓN
Ubicación ES-MaACL
Número de control de estantería D-6349
Sublocalización o colección R.30605
Holdings
Estatus retirado Estado de pérdida Estado de daño No para préstamo Biblioteca de origen Biblioteca actual Ubicación en estantería Fecha de adquisición Fuente de adquisición Total de préstamos Signatura topográfica completa Código de barras Visto por última vez Precio de reemplazo Tipo de ítem Koha
        Biblioteca del Ateneo de Madrid Biblioteca del Ateneo de Madrid Sala Valle Inclán 17/01/2008     D-6349 901024522 23/02/2023 23/02/2023 Libro impreso
        Biblioteca del Ateneo de Madrid Biblioteca del Ateneo de Madrid Sala Valle Inclán 17/01/2008     D-6992 901024521 23/02/2023 23/02/2023 Libro impreso